000 00517nam a22001937a 4500
999 _c6313
_d6313
003 OSt
005 20190913094204.0
008 190913b ||||| |||| 00| 0 eng d
020 _a081518901x
040 _cDDC
082 _aWY 100C851c 1997
100 _aPotter,A.Patricia;Perry,Griffin,Anne;
_912935
245 _aCanadian Fundamentals of Nursing.
260 _aLondon,
_bMosby,
_c1997.
300 _axxvii,1540p;
_bcol,ill;
_c26cm.
504 _aGlossary and index.
651 _2Nursing.
942 _2ddc
_cO_SHELF